000 00708nam a2200289Ia 4500
005 20260324141936.0
008 008 260324s9999 xx 000 0 eng d
020 _a9781315861319
037 _aEBOOK
040 _aCRL
040 _beng
040 _cCRL
041 _2eng
041 _aeng
084 _qCRL
100 _aDavid Sheinin; Lois Baer Barr
_91210095
245 4 _aThe Jewish Diaspora in Latin America
245 0 _bNew Studies on History and Literature
260 _bTaylor and Francis
260 _c1996
365 _a
365 _b230
856 _uhttp://www.taylorfrancis.com/books/9781315861319
942 _cEBOOK
999 _c1813725
_d1813725